Kapital: ekonomi politiğin eleştirisi (Record no. 14440)

000 -LEADER
fixed length control field 01053nmm a2200349 a 4500
001 - CONTROL NUMBER
control field ocm0001299416
003 - CONTROL NUMBER IDENTIFIER
control field TR-IsHL
005 - DATE AND TIME OF LATEST TRANSACTION
control field 20201028161941.0
008 - FIXED-LENGTH DATA ELEMENTS--GENERAL INFORMATION
fixed length control field 160715s2015 tu tur
007 - PHYSICAL DESCRIPTION FIXED FIELD--GENERAL INFORMATION
fixed length control field cr cn
020 ## - INTERNATIONAL STANDARD BOOK NUMBER
International Standard Book Number 9786055541330
035 ## - SYSTEM CONTROL NUMBER
System control number 1299416
-- (N$T)
050 04 - LIBRARY OF CONGRESS CALL NUMBER
Classification number HB501
Item number .M371 2015
090 04 - LOCALLY ASSIGNED LC-TYPE CALL NUMBER (OCLC); LOCAL CALL NUMBER (RLIN)
Classification number (OCLC) (R) ; Classification number, CALL (RLIN) (NR) HB501
Local cutter number (OCLC) ; Book number/undivided call number, CALL (RLIN) .M371 2015
100 1# - MAIN ENTRY--PERSONAL NAME
Personal name Marx, Karl
245 10 - TITLE STATEMENT
Title Kapital: ekonomi politiğin eleştirisi
Medium [electronic resource] /
Statement of responsibility, etc. Karl Marx ; çeviri Mehmet Selik, Nail Satılgan
250 ## - EDITION STATEMENT
Edition statement 8. basım
260 ## - PUBLICATION, DISTRIBUTION, ETC.
Place of publication, distribution, etc. İstanbul :
Name of publisher, distributor, etc. Yordam Kitap,
Date of publication, distribution, etc. 2015
300 ## - PHYSICAL DESCRIPTION
Extent 875 p.
500 ## - GENERAL NOTE
General note Dizin var.
International Standard Serial Number (SE) [OBSOLETE]
650 #4 - SUBJECT ADDED ENTRY--TOPICAL TERM
Topical term or geographic name entry element Ekonomi ve Finans
650 #4 - SUBJECT ADDED ENTRY--TOPICAL TERM
Topical term or geographic name entry element Economics and Finance
650 #0 - SUBJECT ADDED ENTRY--TOPICAL TERM
Topical term or geographic name entry element Marx, Karl, 1818-1883
650 #0 - SUBJECT ADDED ENTRY--TOPICAL TERM
Topical term or geographic name entry element Sermaye
650 #0 - SUBJECT ADDED ENTRY--TOPICAL TERM
Topical term or geographic name entry element Capital
650 #0 - SUBJECT ADDED ENTRY--TOPICAL TERM
Topical term or geographic name entry element Ekonomi
650 #0 - SUBJECT ADDED ENTRY--TOPICAL TERM
Topical term or geographic name entry element Economics
650 #7 - SUBJECT ADDED ENTRY--TOPICAL TERM
Topical term or geographic name entry element BUSINESS & ECONOMICS / General
Source of heading or term bisacsh
700 1# - ADDED ENTRY--PERSONAL NAME
Personal name Selik, Mehmet
700 1# - ADDED ENTRY--PERSONAL NAME
Personal name Satılgan, Nail
856 40 - ELECTRONIC LOCATION AND ACCESS
Uniform Resource Identifier <a href="http://search.ebscohost.com/login.aspx?direct=true&scope=site&db=e011xww&AN=1299416">http://search.ebscohost.com/login.aspx?direct=true&scope=site&db=e011xww&AN=1299416</a>
Holdings
Withdrawn status Lost status Source of classification or shelving scheme Damaged status Not for loan Collection code Permanent Location Current Location Date acquired Total Checkouts Full call number Barcode Date last seen Price effective from Koha item type
        Online   Kıbrıs Amerikan Üniversitesi Kütüphanesi / American University of Cyprus Kıbrıs Amerikan Üniversitesi Kütüphanesi / American University of Cyprus 28.10.2020   HB501 .M371 2015 1299416 28.10.2020 28.10.2020 E-Kitap
Devinim Yazılım Eğitim Danışmanlık tarafından Koha'nın orjinal sürümü uyarlanarak geliştirilip kurulmuştur.